000 00687nam a2200205 a 4500
003 DO-SdBNP
005 20220901155558.0
007 ta
008 220901e2015 pr a|||gr|||| 001 0 spa d
040 _aDO-SdBNP
_bspa
_cBNPHU
082 4 _222
_bG643c
245 _aCarta pastoral espíritu y vida :
_bSan Junípero Serra y el jubileo de la misericordia. /
_cRoberto Octavio González Nieves
260 _aSan Juan Puerto Rico :
_b[s.n.]
_c2015
300 _a39 p. :
_bil. ;
_c12 cm.
500 _aIncluye bibliografía y notas al pié de páginas.
590 _aInventariado 2022 / MF
650 4 _979445
_aCartas pontificias
_zSan Juan Puerto Rico
910 _aMFeliz
942 _2ddc
_cLF2
999 _c52358
_d52358